Finiš - Nova očakáva vstup dánskej spoločnosti

Bibliographic Details
Corporate Authors: Slovenská tlačová agentúra (Author), Finiš, Spišská Nová Ves (Author)
Format: Article
Language:Slovak
Subjects:

MARC

LEADER 00000nab a2200000 a 4500
001 vtls001017457
003 SK-MaSNL
005 20260303195637.0
008 040720e20000713xo 0 slo
035 |a SN3407 
040 |a SNSK  |b slo  |c SNSK  |e AACR2 
041 0 |a slo 
044 |a xo  |c SK 
080 |a 687  |2 1981 
110 2 |a Slovenská tlačová agentúra  |4 aut  |9 188059 
245 0 0 |a Finiš - Nova očakáva vstup dánskej spoločnosti 
610 2 7 |a Finiš (Spišská Nová Ves, Slovensko)  |2 SNSK  |9 1021329 
650 0 7 |a odevy  |2 SNSK  |9 27026 
650 0 7 |a výroba  |2 SNSK  |9 15916 
650 0 7 |a činnosť  |2 SNSK  |9 282874 
650 0 7 |a hospodárenie  |2 SNSK  |9 322275 
651 7 |a Spišská Nová Ves (Slovensko)  |2 SNSK  |9 28800 
651 7 |a SN,  |2 SNSK  |9 1021277 
655 7 |a periodikum  |2 snkbucl  |9 29553 
710 2 |a Finiš, Spišská Nová Ves  |4 aut  |9 1021330 
773 0 8 |t Korzár  |g Roč. 3, č.160, 13.7.2000, s. 4 
852 |a ZVYKNI  |b KIS3GCP 
999 |c 2163921  |d 2165851